Espace régional et aménagement du territore

Saved in:
Bibliographic Details
Main Author: Lajugie, Joseph
Other Authors: Delfaud, Pierre, Lacour, Claude
Format: Book
Language:French
Published: Paris Dalloz 1979
Tags: Add Tag
No Tags, Be the first to tag this record!

MARC

LEADER 00000nam a2200000 4500
001 c142521
005 20100510110141.1
041 0 |a fre 
044 |a FR 
245 1 0 |a Espace régional et aménagement du territore  |c Joseph Lajugie, Pierre Delfaud, Claude Lacour 
264 1 |a Paris  |b Dalloz  |c 1979 
300 |a 884 s. 
100 1 |a Lajugie, Joseph 
700 1 |a Delfaud, Pierre 
700 1 |a Lacour, Claude